000 00651nam a2200193 a 4500
001 000871790
003 AM-YeHGA
005 20250617145214.0
008 120302s1977 bw r 000 0 rus d
040 _aAM-YeHGA
041 0 _arus
100 1 _aБавтуто, Галина Антоновна
245 1 0 _aНовые методы в селекции плодово-ягодных культур /
_cГ.А. Бавтуто.
260 _aМинск :
_bВышэйшая школа,
_c1977.
300 _a187 с. :
_bрис., табл. ;
_c21 см.
650 1 4 _aПлодоводство
650 1 4 _aЯгодоводство
090 _c309690
999 _c307980
_d307980